| 000 | 00923nas a2200313 4500 | ||
|---|---|---|---|
| 001 | BR9705013 | ||
| 003 | BR-BrBNA | ||
| 005 | 20231205100602.0 | ||
| 007 | ta | ||
| 008 | 230509b bl.|||p| |||| 00| 00por d | ||
| 040 |
_aBR-BrBNA _bpor _cBiblioteca Nacional de Agricultura |
||
| 041 | _a(Pt) | ||
| 072 | _aL70 | ||
| 100 | 1 | _aSilva, L.A.F. da | |
| 100 | 1 | _aEurides, D. | |
| 100 | 1 | _aRodrigues, N.M.O. e | |
| 100 | 1 | _aPaulo, N.M. | |
| 100 | 1 | _aFioravanti, M.C.S. | |
| 100 | 1 | _aChaves, N.S.T. | |
| 100 | 1 | _aSilva, C.A. da | |
| 245 | 1 | _aAcepromazina associado a anestesia dos nervos pudendo e hemorroidal para exposicao de penis em bovinos e bubalinos | |
| 650 | _aBovino | ||
| 650 | _aBufalo | ||
| 650 | _aAnestesia | ||
| 650 | _aPenis | ||
| 773 | 0 |
_tVeterinaria Noticias (Brazil) _xISSN 0104-3463 _g(1997), v. 3(1) p. 37-41 _wBR9705013 |
|
| 909 |
_a202311 _bLúcia _c55 _dLúcia Elande |
||
| 942 |
_2AGRIS _n0 _cANA |
||
| 999 |
_c156843 _d156843 |
||